Psychology of society

Đã lưu trong:
Bibliografiske detaljer
Hovedforfatter: Ginsberg, Morris
Format: Bog
Sprog:Undetermined
Udgivet: London University Paperbacks 1921
Fag:
Tags: Tilføj Tag
Ingen Tags, Vær først til at tagge denne postø!
Thư viện lưu trữ: Trung tâm Học liệu Trường Đại học Cần Thơ
LEADER 00469nam a2200181Ia 4500
001 CTU_91115
008 210402s9999 xx 000 0 und d
082 |a 300 
082 |b G493 
100 |a Ginsberg, Morris 
245 0 |a Psychology of society 
245 0 |c Morris Ginsberg 
260 |a London 
260 |b University Paperbacks 
260 |c 1921 
650 |a Social psychology 
904 |i Mai Loan 
980 |a Trung tâm Học liệu Trường Đại học Cần Thơ